| 000 | 00653nam a2200253Ia 4500 | ||
|---|---|---|---|
| 003 | OSt | ||
| 005 | 20221007070722.0 | ||
| 006 | a|||||r|||| 00| 0 | ||
| 007 | ta | ||
| 008 | 221006b |||||||| |||| 00| 0 eng d | ||
| 020 | _a9788131251485 | ||
| 024 | _a45,066 | ||
| 037 | _cTextual | ||
| 040 |
_aFLL _cFLL _beng |
||
| 041 |
_2eng _aeng |
||
| 082 | _aV2:2:Z, Q7 | ||
| 100 | _aPYLEE M.V. | ||
| 245 | 0 | _aConstitutional amendments in India | |
| 250 | _a5th | ||
| 260 |
_aGurgaon _bUniversal Law Publishing India _c2017 |
||
| 300 |
_axlvii,984p. _ccm. |
||
| 942 |
_hV2:2:Z, Q7 _cTEXL _2CC |
||
| 999 |
_c1141340 _d1141340 |
||